LEADER 01189nam a2200289 u 4500 001 000000059096 003 CaOOAMICUS 005 20070226120750.0 008 010621s1968 it u000 u ita u 035 $a10893416 040 $aPUL(R)$bita 041 1 $aita$hfre 100 1 $aEvely, Louis.$0(OLS)http://pul/name/40856 240 10$aCredo.$lItaliano.$0(OLS)http://pul/title/78233 245 13$aIl credo dell'uomo d'oggi /$cLouis Evely. 260 $aAssisi :$bCittadella,$c1968. 300 $a296 p. ;$c18 cm 490 1 $aSpiritualitą del nostro tempo 650 4$aDio.$0(OLS)http://pul/subject/3878 830 0$aSpiritualitą del nostro tempo.$0(OLS)http://pul/title/79153 850 $aPUL 852 $aPUL$W1$xDP1 Altre Collocazioni$y17$mSenza collocazione$j12$nBK-PRI$b $qStampati$B77118$CPULBib$Z2$F77118 $H $81 852 $aPUL$W1$xDP1 Fondo Pastorale$y55$mP11 F 22$j77119$nBK-PRI$b $qFondi$B77119$CPULBib$Z2$F77119 $HPUL2203 $81 941 1 $a8 941 1 $a1 996 $6245$aIl credo dell'uomo d'oggi$9(OLS)http://pul/title/79152 996 $6260$aAssisi :$bCittadella$9(OLS)http://pul/publisher/49668 LEADER 01786cam a2200349 u 4500 001 000000005996 003 CaOOAMICUS 005 20070226104826.0 008 941103s1986 vc u000 u lat u 035 $a10153468 040 $aIAR$bita 041 0 $alat$aeng 110 2 $aBiblioteca apostolica vaticana.$kMss.$n(Pal. lat. 68).$0(OLS)http://pul/name/6144 245 10$aGlossa in Psalmos :$bThe Hiberno-Latin gloss on the Psalms of codex Palatinus Latinus - (Psalms 39:11 - 151:7). /$cCritical edition of the text together with introduction and source analysis [by] Martin McNamara, M.S.C. 260 $aCittą del Vaticano :$bBiblioteca Apostolica Vaticana,$c1986. 300 $a387 p. ;$c25 cm 490 1 $aStudi e testi ;$v310 500 $a"Critical edition of the text together with introduction and source analysis." 500 $aEnglish and Latin. 500 $aIncludes indexes. 500 $aTesto in latino. 504 $aBibliography: p. 78-86. 630 04$aBible.$pO.T.$pPsalms$xCommentaries.$0(OLS)http://pul/subject/5516 630 04$aBiblia.$pV.T.$pPsalmi.$nXXXIX, 11-CLI, 7.$0(OLS)http://pul/subject/5517 700 1 $aMcNamara, Martin,$cM.S.C,$d1930-$0(OLS)http://pul/name/6145 830 0$aStudi e testi (Biblioteca apostolica vaticana).$0(OLS)http://pul/title/1077 850 $aPUL 852 $aPUL$W1$xDP1 Cons. Gen., Altre Classi 1$y22$m158 F 310$j8512$nBK-PRI$b $qStampati$B8512$CPULBib$Z2$F8512 $H $81 941 1 $a8 961 $aINV: 55422 996 $6245$aGlossa in Psalmos :$bThe Hiberno-Latin gloss on the Psalms of codex Palatinus Latinus - (Psalms 39:11 - 151:7).$9(OLS)http://pul/title/8832 996 $6260$aCittą del Vaticano :$bBiblioteca Apostolica Vaticana$9(OLS)http://pul/publisher/48729